<?xml version="1.0" encoding="UTF-8"?>
<collection xmlns="http://www.loc.gov/MARC21/slim">
  <record>
    <leader>00000nam  2200000   4500</leader>
    <controlfield tag="001">INLIS000000000019195</controlfield>
    <controlfield tag="005">20250211102935</controlfield>
    <datafield tag="035" ind1="#" ind2="#">
      <subfield code="a">0010-0225000152</subfield>
    </datafield>
    <controlfield tag="007">ta</controlfield>
    <controlfield tag="008">250211################g##########0#ind##</controlfield>
    <datafield tag="020" ind1="#" ind2="#">
      <subfield code="a">979 8391 09 8</subfield>
    </datafield>
    <datafield tag="082" ind1="#" ind2="#">
      <subfield code="a">711.409 598</subfield>
    </datafield>
    <datafield tag="084" ind1="#" ind2="#">
      <subfield code="a">711.409 598 MAN</subfield>
    </datafield>
    <datafield tag="245" ind1="#" ind2="#">
      <subfield code="a">Manajemen Pembangunan Prasarana Perkantoran</subfield>
    </datafield>
    <datafield tag="250" ind1="#" ind2="#">
      <subfield code="a">Cetakan ke 1</subfield>
    </datafield>
    <datafield tag="260" ind1="#" ind2="#">
      <subfield code="a">Jakarta :</subfield>
      <subfield code="b">LP3ES,</subfield>
      <subfield code="c">1993</subfield>
    </datafield>
    <datafield tag="300" ind1="#" ind2="#">
      <subfield code="a">xii, 289 halaman :</subfield>
      <subfield code="b">Ilus ;</subfield>
      <subfield code="c">24 cm</subfield>
    </datafield>
    <datafield tag="650" ind1="#" ind2="4">
      <subfield code="a">Manajemen Pembangunan</subfield>
    </datafield>
    <datafield tag="520" ind1="#" ind2="#">
      <subfield code="a">Pada prinsipnya pendekatan P3KT mengisyaratkan suatu pola manajemen pembangunan prasarana kota mulai tahap perencanaan, pemrograman, pelaksanaan, sampai pada tahap operasi dan pemeliharaan. Suatu hal yang spesifik ditempuh melalui pendekatan ini ialah upaya mobilisasi berbagai sumber dana pembangunan dengan melibatkan berbagai instansi terkait di tingkat pusat dan daerah, sehingga saling dukung dalam proses perencanaan dan pelaksanaannya.&#13;
Oleh karena dalam kerangka pendekatan P3KT ini nampaknya berkembang suatu persepsi dan praktek manajemen pembangunan perkotaan yang baru yakni proses intervensi dan negosiasi untuk mencapai kesepakatan di antara berbagai instansi pusat yang terkait dengan pembangunan prasarana kota dalam keseluruhan prosesnya di pusat dan daerah.&#13;
Buku ini penting untuk para manajer kota, para pejabat instansi pusat dan daerah serta para mahasiswa berbagai jurusan yang terkait dengan manajemen pembangunan perkotaan dan masyarakat luas yang ingin mengetahui dan menaruh minat untuk mendalami pendekatan ini sebagai bahan kajian selanjutnya.</subfield>
    </datafield>
    <datafield tag="990" ind1="#" ind2="#">
      <subfield code="a">96111158</subfield>
    </datafield>
  </record>
</collection>
